00419nam a2200121Ia 4500008004100000020002200041100002200063245012900085250001200214260002900226300002700255650001500282200924s9999 xx 000 0 und d a978-621-8070-39-4 aMedrano, Myrna O. cMyrna O. Medrano, Minerva S. Fernandez, Ernesto Thaddeus SolmeranoaGreat books:bselected masterpieces of world literature/ a1st ed. aManila:bFastbooksc2019 axvi, 408 pagesc25 cm. aLiterature